[Event "RUS-chT2 17th"]
[Site "Dagomys"]
[Date "2010.04.05"]
[Round "4"]
[White "Pogosian, Georgy"]
[Black "Nikolenko, Oleg"]
[Result "0-1"]
[WhiteElo "2181"]
[BlackElo "2534"]
[PlyCount "68"]
[EventDate "2010.04.01"]
[EventType "team-tourn"]
[EventRounds "7"]
[EventCountry "RUS"]
[SourceTitle "CBM 135 Extra"]
[Source "ChessBase"]
[SourceDate "2010.05.04"]
[SourceVersion "1"]
[SourceVersionDate "2010.05.04"]
[SourceQuality "1"]

1. e4 e6 2. d4 d5 3. exd5 exd5 4. Nf3 Bg4 5. Qe2+ Qe7 6. Be3 Nc6 7. Nc3 0-0-0 8. 0-0-0 Qf6 9. Qb5 Bxf3 10. gxf3 Nge7 11. Be2 g6 12. Na4 Nf5 13. Nc5 Bxc5 14. Qxc5 Rhe8 15. Rd3 Nxe3 16. fxe3 Rxe3 17. Rxe3 Qf4 18. Kd2 Re8 19. Qa3 Nxd4 20. Re1 Nf5 21. Bb5 Nxe3 22. Rxe3 Rxe3 23. Qxe3 Qb4+ 24. Qc3 Qxb5 25. Qh8+ Kd7 26. Qxh7 Qb4+ 27. Kd3 Qc4+ 28. Kd2 Qf4+ 29. Ke2 d4 30. Qh3+ Ke7 31. Qg2 c5 32. Kd3 b5 33. Qe2+ Kd6 34. c4 bxc4+ 0-1

[Event "RUS-chT2 17th"]
[Site "Dagomys"]
[Date "2010.04.04"]
[Round "3"]
[White "Nikolenko, Oleg"]
[Black "Airapetian, Gor"]
[Result "1-0"]
[WhiteElo "2534"]
[BlackElo "2429"]
[PlyCount "65"]
[EventDate "2010.04.01"]
[EventType "team-tourn"]
[EventRounds "7"]
[EventCountry "RUS"]
[SourceTitle "CBM 135 Extra"]
[Source "ChessBase"]
[SourceDate "2010.05.04"]
[SourceVersion "1"]
[SourceVersionDate "2010.05.04"]
[SourceQuality "1"]

1. e4 c6 2. d4 d5 3. exd5 cxd5 4. c4 Nf6 5. Nc3 e6 6. Nf3 Bb4 7. Bd3 dxc4 8. Bxc4 0-0 9. 0-0 b6 10. Bg5 Bb7 11. Rc1 Nc6 12. a3 Be7 13. Ba2 Rc8 14. Re1 Nd5 15. Bd2 Nxc3 16. Bxc3 Na5 17. Ne5 Bd5 18. Bb1 g6 19. Qg4 Nc4 20. Rcd1 Nxe5 21. dxe5 Rc4 22. Rd4 Qc7 23. h4 h5 24. Qf4 Kg7 25. Red1 Rd8 26. R1d3 Rxd4 27. Bxd4 Qc6 28. Rc3 Qa4 29. Bc2 Bb3 30. Rf3 Bxc2 31. Qxf7+ Kh8 32. Qxe7 Qxd4 33. Rf7 1-0